000 00262nam a2200109Ia 4500
008 190216s9999||||xx |||||||||||||| ||und||
100 _aJhingan M L
245 0 _aEconmics Of Development And Planning
260 _bVrinda Pub
_c1997
300 _a864p
942 _cBK
999 _c10684
_d10684